Countries that were part of the Polish-Lithuanian Commonwealth - Statistics

General Stats
  • This quiz has been taken 18 times
  • The average score is 9 of 9
Answer Stats
Hint Answer % Correct
4 Belarus
100%
2 Lithuania
100%
9 Moldova
100%
6 Russia
100%
5 Ukraine
100%
7 Estonia
94%
3 Latvia
94%
1 Poland
94%
8 Slovakia
89%
No matching quizzes found
Score Distribution
Percent of People with Each Score
Percentile by Number Answered
Your Score History
You have not taken this quiz